000 00425nam a2200133Ia 4500
005 20260328101441.0
008 260328s9999||||xx |||||||||||||| ||und||
100 _aVidales Giovannetti, Dolores Ma.
245 0 _aEl Mundo del envase :
_b Manual para el Diseño y producción de envases y embalajes /
_cDolores Ma. Vidales Giovannetti
260 _bGustavo Gili
300 _a299 p.
650 _aDISEÑO INDUSTRIAL
942 _cBK
999 _c8290
_d8290